[Event "Lichtenberger Sommer 2016"]
[Site "?"]
[Date "2016.08.16"]
[Round "4.26"]
[White "Friedrich, Gerhard"]
[Black "Böhm, Jürgen"]
[Result "0-1"]
[WhiteElo "1930"]
[BlackElo "2168"]
[PlyCount "140"]
[EventDate "2016.??.??"]
[WhiteTeam "SG Schwäbisch Gmünd"]
[BlackTeam "SF Brackel"]

1. d4 d5 2. Nf3 Nf6 3. e3 Bf5 4. c4 c6 5. Nc3 e6 6. Be2 h6 7. O-O Nbd7 8. a3 a5
9. Nh4 Bh7 10. g3 Be7 11. f4 Ne4 12. Nf3 O-O 13. Ne5 Nxe5 14. fxe5 f6 15. cxd5
exd5 16. Nxe4 Bxe4 17. exf6 Rxf6 18. Bd3 Bxd3 19. Rxf6 Bxf6 20. Qxd3 a4 21. Bd2
Qd7 22. Rf1 Kf7 23. Kg2 Re8 24. Qc2 b5 25. Qd1 Re4 26. Qc2 Kg8 27. Rf2 Qe6 28.
Qd3 Bg5 29. Rf3 h5 30. h3 Bh6 31. Qc3 Qe8 32. h4 Re7 33. Qd3 Re4 34. Qc3 Re7
35. Qd3 Re4 36. Qc3 Qg6 37. Qa5 Kh7 38. Qd8 Re8 39. Qd7 Qe6 40. Qxe6 Rxe6 41.
Kf2 Kg6 42. Rf8 Rf6+ 43. Rxf6+ Kxf6 44. Kf3 Kf5 45. Bb4 g6 46. Be7 Bg7 47. Bc5
Bf6 48. Bb4 Bd8 49. Bc3 Be7 50. Ba5 c5 51. dxc5 Bxc5 52. Bc3 Bd6 53. Bd4 Be5
54. Bc3 Bd6 55. Bd4 b4 56. axb4 Bxb4 57. Bg7 Bd6 58. Bc3 Bc7 59. Bd4 Be5 60.
Bxe5 Kxe5 61. Kf2 d4 62. Ke2 Ke4 63. exd4 Kxd4 64. Kd2 Kc4 65. Kc2 Kb4 66. Kc1
Kc5 67. Kd1 Kd5 68. Ke1 Ke5 69. Kf2 Kd4 70. Ke2 Ke4 0-1

[Event "Lichtenberger Sommer 2016"]
[Site "?"]
[Date "2016.08.16"]
[Round "4.27"]
[White "Willich, Manfred"]
[Black "Krefenstein, Sergej"]
[Result "0-1"]
[WhiteElo "1969"]
[BlackElo "2187"]
[PlyCount "120"]
[EventDate "2016.??.??"]
[WhiteTeam "SK Turm Bad Hersfeld"]
[BlackTeam "TuS Makkabi Berlin"]

1. d4 g6 2. c4 Bg7 3. Nc3 Nf6 4. e4 O-O 5. f3 d6 6. Be3 Nc6 7. Nge2 e5 8. Qd2
a5 9. d5 Nb4 10. Nc1 Nh5 11. Nd3 f5 12. a3 Nxd3+ 13. Bxd3 Nf4 14. O-O-O Bd7 15.
g3 Nxd3+ 16. Qxd3 fxe4 17. fxe4 Bh3 18. Rd2 Qe7 19. Nd1 Rf3 20. Nf2 Bh6 21. Re1
Bd7 22. Nd1 Qf6 23. Qe2 Bxe3 24. Nxe3 Rf8 25. Nd1 Bh3 26. Rd3 Rf1 27. Re3 Qg5
28. Kc2 Bg4 29. Qd2 Qf6 30. Qxa5 Bxd1+ 31. Kxd1 Qf2 32. Qd2 Rxe1+ 33. Rxe1 Qc5
34. Qd3 Qf2 35. Qd2 Qc5 36. Qd3 Rf2 37. b4 Qa7 38. Re2 Rf1+ 39. Re1 Rxe1+ 40.
Kxe1 Qg1+ 41. Kd2 Qxh2+ 42. Kc1 Qa2 43. c5 Kg7 44. cxd6 cxd6 45. Qc3 Kf6 46.
Qe3 h5 47. Kd1 Qb2 48. Ke1 Qd4 49. Qf3+ Ke7 50. Ke2 Qb2+ 51. Kd1 Qh2 52. Qc3
Qg1+ 53. Kd2 Qf2+ 54. Kd1 Kd7 55. Qd3 Qd4 56. Qxd4 exd4 57. a4 g5 58. a5 h4 59.
gxh4 gxh4 60. b5 h3 0-1

[Event "Lichtenberger Sommer 2016"]
[Site "?"]
[Date "2016.08.16"]
[Round "4.28"]
[White "Möller, Dustin"]
[Black "Voigt, Ingo"]
[Result "0-1"]
[WhiteElo "1985"]
[BlackElo "1967"]
[PlyCount "72"]
[EventDate "2016.??.??"]
[WhiteTeam "Eckernförder SC"]
[BlackTeam "BSV 63 Chemie Weißensee"]

1. d4 Nf6 2. c4 e6 3. Nc3 Bb4 4. Qc2 d5 5. cxd5 exd5 6. Bg5 O-O 7. e3 c6 8. Bd3
h6 9. Bh4 Qe7 10. Nf3 g5 11. Bg3 Ne4 12. Bxe4 Qxe4 13. O-O-O Bxc3 14. bxc3 Bf5
15. Qxe4 Bxe4 16. Ne1 Bg6 17. h4 Nd7 18. hxg5 hxg5 19. Nf3 f6 20. Bd6 Rfc8 21.
Kd2 b5 22. Bc5 a5 23. Ne1 b4 24. Nd3 Rcb8 25. Bd6 Rb5 26. f4 Nb6 27. Be7 Nc4+
28. Ke2 Re8 29. Bxf6 Rxe3+ 30. Kf2 Bxd3 31. Rh8+ Kf7 32. Rxd3 Rxd3 33. fxg5
bxc3 34. Rh7+ Kg6 35. Rh6+ Kf5 36. g4+ Kxg4 0-1

[Event "Lichtenberger Sommer 2016"]
[Site "?"]
[Date "2016.08.16"]
[Round "4.29"]
[White "Keusch, Horst"]
[Black "Nötzel, Felix"]
[Result "0-1"]
[WhiteElo "1973"]
[BlackElo "2212"]
[PlyCount "92"]
[EventDate "2016.??.??"]
[WhiteTeam "SC Eintracht Berlin"]
[BlackTeam "SF 1903 Berlin"]

1. f4 e5 2. fxe5 d6 3. Nf3 dxe5 4. e4 Nf6 5. Bc4 Bc5 6. Qe2 O-O 7. d3 Nc6 8.
Bg5 Qd6 9. c3 a6 10. Nbd2 b5 11. Bxf6 bxc4 12. Nxc4 Qxf6 13. O-O-O Be6 14. Rhf1
Bxc4 15. dxc4 Rad8 16. Rd5 Ba7 17. Kc2 Rxd5 18. cxd5 Ne7 19. b3 Ng6 20. g3 Qb6
21. Nd2 Qb5 22. Qxb5 axb5 23. c4 b4 24. Nf3 f6 25. Ne1 Bd4 26. Nd3 Rb8 27. Nb2
Bxb2 28. Kxb2 Ne7 29. c5 Kf7 30. a3 bxa3+ 31. Kxa3 Ra8+ 32. Kb2 Ke8 33. g4 Ng6
34. b4 Nf4 35. Kb3 Kd7 36. h4 h6 37. Rd1 Ne2 38. g5 fxg5 39. hxg5 h5 40. Rf1
Nf4 41. Rd1 h4 42. b5 h3 43. d6 c6 44. b6 Ra5 45. Kb4 Rb5+ 46. Kc4 Ne6 0-1

[Event "Lichtenberger Sommer 2016"]
[Site "?"]
[Date "2016.08.16"]
[Round "4.30"]
[White "Brümmel, Arend"]
[Black "Seitz, Patrick"]
[Result "1-0"]
[WhiteElo "2152"]
[BlackElo "1745"]
[PlyCount "58"]
[EventDate "2016.??.??"]
[WhiteTeam "Stader SV"]
[BlackTeam "SR Heuberg-Gosheim"]

1. d4 d5 2. c4 c6 3. Nf3 e6 4. Nc3 Nf6 5. e3 b6 6. Bd3 Ba6 7. b3 Bb4 8. Bd2 O-O
9. O-O Nbd7 10. Qe2 c5 11. a3 Bxc3 12. Bxc3 Rc8 13. a4 cxd4 14. exd4 dxc4 15.
bxc4 Qc7 16. Bb4 Rfe8 17. Rfc1 e5 18. dxe5 Nxe5 19. Nxe5 Rxe5 20. Qd2 Rd8 21.
Rd1 Kh8 22. Qb2 Rh5 23. h3 Bb7 24. Bf1 Rxd1 25. Rxd1 Rg5 26. Qd2 h6 27. Qd8+
Qxd8 28. Rxd8+ Kh7 29. Be7 Bc6 1-0

[Event "Lichtenberger Sommer 2016"]
[Site "?"]
[Date "2016.08.16"]
[Round "4.31"]
[White "Stark, Ingo"]
[Black "Muskewitz, Bernd"]
[Result "0-1"]
[WhiteElo "2183"]
[BlackElo "1951"]
[PlyCount "120"]
[EventDate "2016.??.??"]
[WhiteTeam "TSG Oberschöneweide"]
[BlackTeam "SV Mattnetz Berlin"]

1. e4 c5 2. Nf3 e6 3. d4 cxd4 4. Nxd4 a6 5. Bd3 Qc7 6. O-O b5 7. a4 b4 8. c3
Nf6 9. Qe2 Nc6 10. Nxc6 Qxc6 11. e5 Bb7 12. f3 Nd5 13. c4 Bc5+ 14. Kh1 Ne7 15.
Nd2 Nf5 16. Be4 Qc7 17. Bxb7 Qxb7 18. Ne4 Be7 19. Qd3 O-O 20. Bf4 f6 21. Rad1
fxe5 22. Bxe5 Rad8 23. Nd6 Qc6 24. b3 Qb6 25. Rfe1 g6 26. Re4 Nxd6 27. Bxd6 Kf7
28. c5 Qb7 29. Bxe7 Kxe7 30. Qd6+ Kf7 31. Rf4+ Kg8 32. Rc4 a5 33. c6 dxc6 34.
Qxd8 Rxd8 35. Rxd8+ Kg7 36. Rd6 Qb6 37. Rxe6 Qd8 38. Re1 Qd3 39. Rxc6 Qxb3 40.
h4 Qxa4 41. Re7+ Kf8 42. Rec7 b3 43. Rc8+ Kg7 44. R6c7+ Kh6 45. Rb7 Qxh4+ 46.
Kg1 a4 47. Rcb8 Qe1+ 48. Kh2 a3 49. Rxb3 a2 50. Ra8 a1=Q 51. Rxa1 Qxa1 52. Re3
Kg5 53. Re4 h5 54. Kg3 Kf6 55. Kh2 g5 56. g4 hxg4 57. Rxg4 Qe5+ 58. Kg2 Qe2+
59. Kg3 Qf1 60. Re4 Qg1+ 0-1

[Event "Lichtenberger Sommer 2016"]
[Site "?"]
[Date "2016.08.16"]
[Round "4.32"]
[White "Bauder, Herbert"]
[Black "Roth, Josef"]
[Result "0-1"]
[WhiteElo "1924"]
[BlackElo "2091"]
[PlyCount "108"]
[EventDate "2016.??.??"]
[WhiteTeam "Lasker Steglitz-Wilmersdorf"]
[BlackTeam "SK König Tegel"]

1. d4 Nf6 2. Nf3 g6 3. c4 Bg7 4. Nc3 O-O 5. e4 d6 6. Be2 Nbd7 7. O-O e5 8. Re1
c6 9. d5 c5 10. a3 Nh5 11. g3 Bf6 12. Bh6 Ng7 13. Qd2 Be7 14. b4 b6 15. b5 Nf6
16. Qc1 Ng4 17. Bd2 f5 18. Ng5 f4 19. Nf3 g5 20. Kg2 Nxf2 21. Kxf2 g4 22. Kg2
gxf3+ 23. Bxf3 fxg3 24. hxg3 Qd7 25. Rh1 Rxf3 26. Kxf3 Qg4+ 27. Kg2 Nh5 28.
Rxh5 Qxh5 29. Qh1 Qg4 30. Qh6 Bd7 31. Rh1 Qg7 32. Qxg7+ Kxg7 33. Bh6+ Kg6 34.
Nd1 a6 35. a4 axb5 36. axb5 Ra1 37. Be3 Ra4 38. Nb2 Rb4 39. Rb1 Bg5 40. Kf2 Bg4
41. Bxg5 Kxg5 42. Ke3 h5 43. Kd3 Rb3+ 44. Kc2 Rxg3 45. Na4 Bf3 46. Re1 h4 47.
Nxb6 h3 48. Nc8 h2 49. b6 Rg1 50. Rxg1+ hxg1=Q 51. b7 Bxe4+ 52. Kd2 Qf2+ 53.
Kd1 Qc2+ 54. Ke1 Bd3 0-1

[Event "Lichtenberger Sommer 2016"]
[Site "?"]
[Date "2016.08.16"]
[Round "4.33"]
[White "Schliebener, Stephan"]
[Black "Werner, Justus"]
[Result "1-0"]
[WhiteElo "2207"]
[BlackElo "1937"]
[PlyCount "73"]
[EventDate "2016.??.??"]
[WhiteTeam "BSV 63 Chemie Weißensee"]
[BlackTeam "SG Stadtilm"]

1. c4 e6 2. Nf3 d5 3. g3 Nf6 4. Bg2 c6 5. b3 Be7 6. O-O O-O 7. d3 Nbd7 8. Bb2
b6 9. Nbd2 Bb7 10. e4 dxe4 11. dxe4 c5 12. Qc2 Qc7 13. e5 Ng4 14. Rfe1 Rad8 15.
h3 Nh6 16. g4 Kh8 17. Rad1 Nb8 18. Ne4 Rxd1 19. Rxd1 Bxe4 20. Qxe4 Rd8 21. Re1
Qd7 22. Bf1 Ng8 23. Kg2 Bf8 24. Ng5 g6 25. Qf4 Kg7 26. h4 Nc6 27. Re3 Qc7 28.
Rf3 Rd7 29. h5 h6 30. Nxe6+ fxe6 31. Qxf8+ Kh8 32. hxg6 Qd8 33. Qf4 Nd4 34. Rh3
Qa8+ 35. Kg1 Qd8 36. Bxd4 Rxd4 37. Rxh6+ 1-0

[Event "Lichtenberger Sommer 2016"]
[Site "?"]
[Date "2016.08.16"]
[Round "4.34"]
[White "Neumann, Thomas"]
[Black "Freimuth, Dominik Stefan"]
[Result "1/2-1/2"]
[WhiteElo "2151"]
[BlackElo "1838"]
[PlyCount "73"]
[EventDate "2016.??.??"]
[WhiteTeam "Borussia Friedrichsfelde"]
[BlackTeam "SF Birkenfeld"]

1. d4 d5 2. e3 Nf6 3. Bd3 c5 4. c3 Qc7 5. f4 Bg4 6. Nf3 e6 7. Qa4+ Nc6 8. Ne5
c4 9. Nxg4 Nxg4 10. Be2 h5 11. b3 Qa5 12. Qxa5 Nxa5 13. bxc4 Nxc4 14. Bxc4 dxc4
15. Ke2 Kd7 16. Ba3 b5 17. Bxf8 Rhxf8 18. Nd2 Kc6 19. e4 Nf6 20. h3 a6 21. Kf3
Nd7 22. Nf1 Nb6 23. Ne3 Rae8 24. g4 hxg4+ 25. hxg4 Rh8 26. Rag1 Kd6 27. Rh5 g6
28. Rhh1 Na4 29. Nd1 a5 30. a3 Rb8 31. Ke3 Rxh1 32. Rxh1 b4 33. axb4 axb4 34.
cxb4 Rxb4 35. Rh8 Rb3+ 36. Ke2 Rg3 37. Ne3 1/2-1/2

[Event "Lichtenberger Sommer 2016"]
[Site "?"]
[Date "2016.08.16"]
[Round "4.35"]
[White "Bladt, Johannes"]
[Black "Stiemerling, Wilfried"]
[Result "0-1"]
[WhiteElo "1874"]
[BlackElo "2117"]
[PlyCount "70"]
[EventDate "2016.??.??"]
[WhiteTeam "SK Singen"]
[BlackTeam "BSG Pneumant Fürstenwalde"]

1. e4 e6 2. d4 d5 3. Nd2 c5 4. c3 Nc6 5. Ngf3 cxd4 6. Nxd4 Nf6 7. Nxc6 bxc6 8.
e5 Nd7 9. f4 a5 10. Nf3 Be7 11. Be3 O-O 12. Bd3 Ba6 13. Bxa6 Rxa6 14. Qe2 Ra8
15. O-O c5 16. g4 Qc7 17. Kh1 Rab8 18. Rg1 Qb7 19. Rab1 f6 20. Qg2 fxe5 21.
Nxe5 Nxe5 22. fxe5 Qb5 23. g5 g6 24. h4 Qd3 25. Rbe1 Rf5 26. Bc1 Rbf8 27. Re3
Qc4 28. a3 Rf4 29. h5 Rf2 30. Qh3 d4 31. Re4 Qd5 32. Rge1 R8f3 33. Qh4 Rf1+ 34.
Kh2 R3f2+ 35. Kg3 Rxe1 0-1

[Event "Lichtenberger Sommer 2016"]
[Site "?"]
[Date "2016.08.16"]
[Round "4.36"]
[White "Schmidt, Jürgen"]
[Black "Kather, Yannick"]
[Result "1/2-1/2"]
[WhiteElo "1944"]
[BlackElo "2037"]
[PlyCount "151"]
[EventDate "2016.??.??"]
[WhiteTeam "SC Kreuzberg"]
[BlackTeam "SC Weisse Dame (Berlin)"]

1. e4 c5 2. Nf3 Nc6 3. d4 cxd4 4. Nxd4 g6 5. Nc3 Bg7 6. Be3 Nf6 7. Bc4 Qa5 8.
O-O O-O 9. Bb3 d6 10. h3 Bd7 11. Nde2 b5 12. Nd4 Ne5 13. a4 b4 14. Nd5 Rfe8 15.
f4 Nc6 16. Nb5 Rac8 17. Nxf6+ Bxf6 18. e5 Bg7 19. exd6 exd6 20. Bf2 Be6 21.
Bxe6 Rxe6 22. c3 a6 23. Nd4 Nxd4 24. Bxd4 bxc3 25. bxc3 Bxd4+ 26. cxd4 Qd5 27.
Qd3 Qc4 28. Qxc4 Rxc4 29. f5 Re2 30. Rf2 Rxf2 31. Kxf2 Rxd4 32. fxg6 hxg6 33.
Ke3 Rb4 34. Rd1 Rxa4 35. Rxd6 Kg7 36. Kf3 g5 37. Rc6 Rf4+ 38. Ke3 Rf6 39. Rc5
Kg6 40. Ra5 Rd6 41. g3 f6 42. Ke4 Rb6 43. Kf3 Kf7 44. h4 gxh4 45. gxh4 Kg6 46.
Kg4 Rc6 47. Kg3 Rb6 48. Kg4 Kf7 49. Kf5 Ke7 50. Kg4 Kd7 51. Kf4 Ke8 52. Kg4 Kf8
53. Kf4 Kg7 54. Kg4 Kg6 55. Kf4 f5 56. h5+ Kxh5 57. Rxf5+ Kg6 58. Ra5 Re6 59.
Re5 Rd6 60. Ke4 Kf6 61. Rd5 Rc6 62. Rh5 Ke6 63. Kd4 Kd6 64. Rd5+ Ke6 65. Re5+
Kf6 66. Rc5 Rb6 67. Kd5 Ke7 68. Rc6 Rb5+ 69. Kc4 Ra5 70. Kb4 Ra1 71. Rc5 Kd6
72. Ra5 Rb1+ 73. Kc4 Rb6 74. Rh5 Kc6 75. Rh6+ Kb7 76. Rh7+ 1/2-1/2

[Event "Lichtenberger Sommer 2016"]
[Site "?"]
[Date "2016.08.16"]
[Round "4.37"]
[White "Federau, Jürgen"]
[Black "Schröter, Maik"]
[Result "1-0"]
[WhiteElo "2094"]
[BlackElo "1904"]
[PlyCount "79"]
[EventDate "2016.??.??"]
[WhiteTeam "SC Kreuzberg"]
[BlackTeam "SG Stadtilm"]

1. d4 Nf6 2. c4 e6 3. Nc3 Bb4 4. e3 O-O 5. Bd3 d5 6. Nf3 b6 7. O-O Bb7 8. a3
Bxc3 9. bxc3 Nbd7 10. cxd5 exd5 11. c4 c6 12. a4 Re8 13. a5 dxc4 14. Bxc4 b5
15. Ba2 Ne4 16. a6 Bc8 17. Qc2 Qb6 18. Ne5 Nd6 19. Nxc6 Bxa6 20. Ba3 Rac8 21.
d5 Bb7 22. Bxd6 Bxc6 23. dxc6 Rxc6 24. Qb3 Re6 25. Bg3 Nf6 26. Qd3 Re8 27. Rfd1
a5 28. Rab1 b4 29. Bb3 Rc3 30. Qd4 Qxd4 31. Rxd4 Ra8 32. h3 h6 33. Ba4 Rac8 34.
Rdd1 Ne4 35. Be5 R3c5 36. Bd4 Rd5 37. Rdc1 Rb8 38. Bc6 Rxd4 39. exd4 Nc3 40.
Rxc3 1-0

[Event "Lichtenberger Sommer 2016"]
[Site "?"]
[Date "2016.08.16"]
[Round "4.38"]
[White "Zschäbitz, Klaus"]
[Black "Schilling, Florian"]
[Result "1/2-1/2"]
[WhiteElo "2077"]
[BlackElo "1932"]
[PlyCount "63"]
[EventDate "2016.??.??"]
[WhiteTeam "Berliner SchGes Eckbauer"]
[BlackTeam "vereinslos"]

1. c4 b6 2. e4 Bb7 3. Nc3 c5 4. Nge2 e6 5. d3 Nc6 6. g3 g6 7. Bg2 Bg7 8. O-O
Nge7 9. Bg5 O-O 10. Qd2 Re8 11. Rab1 a6 12. a3 Qc7 13. b4 d6 14. Qf4 f6 15.
Bxf6 Rf8 16. bxc5 bxc5 17. Rxb7 Qxb7 18. Qxd6 Bxf6 19. Qxe6+ Kh8 20. e5 Bg7 21.
f4 Rad8 22. Be4 Qc7 23. Nd5 Nxd5 24. cxd5 Nd4 25. Nxd4 cxd4 26. Qxa6 Bxe5 27.
fxe5 Rxf1+ 28. Kxf1 Qc1+ 29. Kg2 Rf8 30. Kh3 Qh6+ 31. Kg2 Qd2+ 32. Kh3 1/2-1/2

[Event "Lichtenberger Sommer 2016"]
[Site "?"]
[Date "2016.08.16"]
[Round "4.39"]
[White "Dathe, Frederick"]
[Black "Rüegsegger, Beat"]
[Result "1/2-1/2"]
[WhiteElo "1884"]
[BlackElo "2011"]
[PlyCount "44"]
[EventDate "2016.??.??"]
[WhiteTeam "SC Kreuzberg"]
[BlackTeam "Trubschachen"]

1. Nf3 Nc6 2. d4 d5 3. Bf4 Nf6 4. e3 a6 5. c4 e6 6. Nc3 Bd6 7. Bxd6 Qxd6 8. Be2
O-O 9. O-O Bd7 10. Rc1 Rad8 11. a3 Bc8 12. Qc2 h6 13. Rfd1 Rfe8 14. e4 dxe4 15.
Nxe4 Qf4 16. Nxf6+ Qxf6 17. Qe4 g6 18. Ne5 Nxe5 19. dxe5 Qe7 20. Qe3 Kg7 21. c5
Rxd1+ 22. Rxd1 Rd8 1/2-1/2

[Event "Lichtenberger Sommer 2016"]
[Site "?"]
[Date "2016.08.16"]
[Round "4.40"]
[White "Teichert, Felix"]
[Black "Mai, Andreas"]
[Result "1-0"]
[WhiteElo "1774"]
[BlackElo "2014"]
[PlyCount "129"]
[EventDate "2016.??.??"]
[WhiteTeam "Leegebrucher SF"]
[BlackTeam "SC Friesen Lichtenberg"]

1. e4 d6 2. d4 Nf6 3. Nc3 g6 4. Bg5 Bg7 5. Qd2 h6 6. Bh4 c6 7. f4 Qa5 8. Nf3 b5
9. Bd3 Bg4 10. O-O Nh7 11. e5 d5 12. Rae1 e6 13. Nxb5 Qb6 14. Nd6+ Kd7 15. Nxf7
Rg8 16. c3 Bf8 17. f5 gxf5 18. Nxh6 Rg6 19. Nxg4 Rxg4 20. h3 Rg6 21. Kh2 Rh6
22. Bf2 Qd8 23. Be3 Rh5 24. Kg1 Be7 25. Kf2 Qg8 26. Rh1 Ng5 27. Bxg5 Bxg5 28.
Nxg5 Rxg5 29. Rhg1 Kc7 30. g3 Nd7 31. h4 Rg7 32. b4 a5 33. b5 c5 34. a4 c4 35.
Bc2 Rf8 36. Bd1 Qf7 37. Rh1 Rfg8 38. Reg1 Nf8 39. b6+ Kb7 40. Qb2 f4 41. g4 f3
42. g5 Ng6 43. Bc2 Qf4 44. Qc1 Qf8 45. Bxg6 Rxg6 46. h5 R6g7 47. g6 Qf5 48. Rg5
Qd3 49. Re1 Rxg6 50. hxg6 Rxg6 51. Rxg6 Qxg6 52. Kxf3 Qh5+ 53. Ke3 Qg6 54. Qb1
Qg3+ 55. Kd2 Qf2+ 56. Re2 Qf3 57. Qc2 Kxb6 58. Kc1 Kc6 59. Rf2 Qh5 60. Kb1 Kd7
61. Qb2 Qd1+ 62. Ka2 Qxa4+ 63. Qa3 Qc6 64. Rf7+ Ke8 65. Qe7# 1-0

[Event "Lichtenberger Sommer 2016"]
[Site "?"]
[Date "2016.08.16"]
[Round "4.41"]
[White "Bandsom, Olaf"]
[Black "Kornrumpf, Joachim"]
[Result "0-1"]
[WhiteElo "1812"]
[BlackElo "2076"]
[PlyCount "74"]
[EventDate "2016.??.??"]
[WhiteTeam "SC Friesen Lichtenberg"]
[BlackTeam "Preetzer TSV"]

1. e4 c5 2. Nf3 e6 3. Nc3 a6 4. d4 cxd4 5. Nxd4 Qc7 6. Bd2 Nf6 7. Bd3 Be7 8.
O-O b5 9. Nce2 Bb7 10. Ng3 Nc6 11. Nxc6 Bxc6 12. Qe2 d6 13. Bc3 Qb7 14. Nh5
Nxh5 15. Qxh5 e5 16. Qg4 O-O 17. Rae1 Bd7 18. Qg3 Qb6 19. Kh1 Qd8 20. Bd2 Kh8
21. Rd1 Rc8 22. f4 Bh4 23. Qf3 Be6 24. fxe5 dxe5 25. Bb4 Rg8 26. Bc4 Qc7 27.
Bxe6 fxe6 28. Bd6 Qb7 29. Bxe5 Rxc2 30. g3 Bg5 31. h4 Be7 32. h5 Bg5 33. Qg4 h6
34. Kg1 Be3+ 35. Kh1 Rc4 36. Qf3 Qxe4 37. Rd7 Qxe5 0-1

[Event "Lichtenberger Sommer 2016"]
[Site "?"]
[Date "2016.08.16"]
[Round "4.42"]
[White "Sabrowski, Uwe"]
[Black "Ritter, Uwe"]
[Result "1/2-1/2"]
[WhiteElo "2104"]
[BlackElo "1928"]
[PlyCount "83"]
[EventDate "2016.??.??"]
[WhiteTeam "SC Friesen Lichtenberg"]
[BlackTeam "Reideburger SV"]

1. d4 f5 2. e4 fxe4 3. Nc3 Nf6 4. Bg5 c6 5. f3 e3 6. Qd3 d5 7. O-O-O Nbd7 8.
Qxe3 Nb6 9. Re1 Bf5 10. Qe5 Qd7 11. Bxf6 gxf6 12. Qxf6 O-O-O 13. Qe5 Bh6+ 14.
Kb1 Bd2 15. Rd1 Bxc3 16. bxc3 Na4 17. Ne2 c5 18. Kc1 Bg6 19. Nf4 Nxc3 20. Nxg6
hxg6 21. Re1 Nxa2+ 22. Kd2 Qa4 23. dxc5 Qa5+ 24. Ke2 Qxc5 25. Qb2 Nc3+ 26. Kd3
d4 27. Qb3 Qf5+ 28. Kd2 Qf4+ 29. Kd3 Rd7 30. Qc4+ Rc7 31. Qe6+ Kb8 32. Qe5 Qf5+
33. Qxf5 gxf5 34. Kxd4 Rd8+ 35. Ke5 e6 36. Bd3 Rc5+ 37. Kxe6 Rh8 38. h4 Rh6+
39. Kf7 Rc7+ 40. Kg8 Rg6+ 41. Kh8 Ne4 42. Bxe4 1/2-1/2

[Event "Lichtenberger Sommer 2016"]
[Site "?"]
[Date "2016.08.16"]
[Round "4.43"]
[White "Wörz, Markus"]
[Black "Glienke, Michael"]
[Result "1-0"]
[WhiteElo "2055"]
[BlackElo "1779"]
[PlyCount "47"]
[EventDate "2016.??.??"]
[WhiteTeam "SC Kreuzberg"]
[BlackTeam "SC Kreuzberg"]

1. e4 c6 2. d4 d5 3. e5 Bf5 4. h4 e6 5. g4 Bg6 6. h5 Be4 7. f3 Qa5+ 8. Nd2 c5
9. fxe4 cxd4 10. exd5 Qxd5 11. Ngf3 Bb4 12. Qe2 Nc6 13. Bg2 Qc5 14. a3 Bxd2+
15. Bxd2 Qxc2 16. O-O Nh6 17. Ne1 d3 18. Qf2 Qxb2 19. Nxd3 Qb6 20. Be3 Qc7 21.
Bxh6 gxh6 22. Rac1 Rd8 23. Bxc6+ bxc6 24. Rxc6 1-0

[Event "Lichtenberger Sommer 2016"]
[Site "?"]
[Date "2016.08.16"]
[Round "4.44"]
[White "Böhm, Uwe"]
[Black "Prix, Siegfried"]
[Result "1/2-1/2"]
[WhiteElo "2138"]
[BlackElo "1726"]
[PlyCount "78"]
[EventDate "2016.??.??"]
[WhiteTeam "SK Siemens München"]
[BlackTeam "SF 1903 Berlin"]

1. f4 d5 2. Nf3 c5 3. e3 Nc6 4. b3 Nf6 5. Bb2 g6 6. Be2 Bg7 7. Ne5 O-O 8. Nxc6
bxc6 9. O-O a5 10. a4 Qb6 11. Qc1 Rb8 12. Be5 Rb7 13. h3 Ne4 14. Bxg7 Kxg7 15.
Qe1 Qb4 16. d3 Qxe1 17. Rxe1 Ng3 18. Bf3 Nf5 19. Nd2 Nd6 20. e4 e6 21. g4 f5
22. gxf5 gxf5 23. e5 Nf7 24. Kf2 Nh8 25. Rg1+ Ng6 26. Bh5 Kh6 27. Bxg6 hxg6 28.
Rg5 Bd7 29. Rag1 Be8 30. Ke3 Rh8 31. h4 Rg8 32. h5 Rbg7 33. hxg6 Rxg6 34. Rxg6+
Rxg6 35. Rxg6+ Bxg6 36. d4 cxd4+ 37. Kxd4 Kh5 38. c3 Kg4 39. Ke3 c5 1/2-1/2

[Event "Lichtenberger Sommer 2016"]
[Site "?"]
[Date "2016.08.16"]
[Round "4.45"]
[White "Lehmkuhl, Stefan"]
[Black "Wirth, Heinz"]
[Result "0-1"]
[WhiteElo "1875"]
[BlackElo "1996"]
[PlyCount "46"]
[EventDate "2016.??.??"]
[WhiteTeam "Breloher SC"]
[BlackTeam "SC Weisse Dame (Berlin)"]

1. c4 Nf6 2. Nc3 d5 3. d4 g6 4. Bg5 Ne4 5. Bh4 Nxc3 6. bxc3 Bg7 7. e3 c5 8.
cxd5 Qxd5 9. Nf3 cxd4 10. cxd4 Nc6 11. Be2 O-O 12. O-O Bf5 13. Qa4 a6 14. Rac1
Qd7 15. Rc5 Nxd4 16. Qc4 b5 17. Qxd4 Bxd4 18. Nxd4 Rac8 19. Rcc1 Rxc1 20. Rxc1
Be4 21. a4 bxa4 22. Bxa6 e5 23. Ne2 Bb7 0-1

[Event "Lichtenberger Sommer 2016"]
[Site "?"]
[Date "2016.08.16"]
[Round "4.46"]
[White "Hahlbohm, Matthias"]
[Black "Christensen, Andreas"]
[Result "1-0"]
[WhiteElo "2101"]
[BlackElo "1773"]
[PlyCount "83"]
[EventDate "2016.??.??"]
[WhiteTeam "TSG Oberschöneweide"]
[BlackTeam "Hamburger SK"]

1. e4 c5 2. Nf3 e6 3. d3 d5 4. Nc3 d4 5. Ne2 Nc6 6. g3 Bd6 7. Bg2 Nge7 8. O-O
O-O 9. Nh4 Ng6 10. Nxg6 hxg6 11. f4 Rb8 12. e5 Be7 13. c4 Qc7 14. Bd2 b6 15. h4
Bb7 16. Kh2 a5 17. Ng1 Nb4 18. Bxb7 Rxb7 19. Bxb4 axb4 20. b3 Qc6 21. Rf2 Ra8
22. Rb1 b5 23. cxb5 Rxb5 24. Rbb2 Rba5 25. Rfc2 R8a7 26. Nh3 Qa8 27. Qe2 Qd5
28. Nf2 R7a6 29. Ne4 Ra7 30. Kg1 f6 31. Nd2 R5a6 32. Nc4 Kh7 33. Qg4 Kh6 34.
Rh2 f5 35. Qe2 Ra8 36. g4 R8a7 37. g5+ Kh7 38. h5 gxh5 39. Qxh5+ Kg8 40. Qh8+
Kf7 41. g6+ Kxg6 42. Qh5# 1-0

[Event "Lichtenberger Sommer 2016"]
[Site "?"]
[Date "2016.08.16"]
[Round "4.47"]
[White "Kröncke, Manfred"]
[Black "Rollwitz, Jürgen"]
[Result "1/2-1/2"]
[WhiteElo "2039"]
[BlackElo "1951"]
[PlyCount "31"]
[EventDate "2016.??.??"]
[WhiteTeam "SG Glückstadt"]
[BlackTeam "SC Rochade (Berlin)"]

1. e4 d6 2. d4 Nf6 3. Nc3 e5 4. dxe5 dxe5 5. Qxd8+ Kxd8 6. Bc4 Be6 7. Bxe6 fxe6
8. Bg5 Bd6 9. Nb5 Nbd7 10. Nxd6 cxd6 11. f3 Ke7 12. O-O-O Rhc8 13. Ne2 a6 14.
Nc3 b5 15. Rd2 Rc6 16. a3 1/2-1/2

[Event "Lichtenberger Sommer 2016"]
[Site "?"]
[Date "2016.08.16"]
[Round "4.48"]
[White "Bonke, Hans-Jürgen"]
[Black "Albert, Jörg"]
[Result "0-1"]
[WhiteElo "1893"]
[BlackElo "2149"]
[PlyCount "74"]
[EventDate "2016.??.??"]
[WhiteTeam "SC Kreuzberg"]
[BlackTeam "SV Eiche Reichenbrand"]

1. d4 d5 2. Bf4 c5 3. c3 Nc6 4. e3 Nf6 5. Bd3 Qb6 6. Qb3 c4 7. Qxb6 axb6 8. Bc2
b5 9. Nf3 b4 10. a3 e6 11. O-O b5 12. Ne5 Nxe5 13. Bxe5 Nd7 14. Bg3 b3 15. Bd1
Nb6 16. Nd2 b4 17. Bc7 bxc3 18. Bxb6 cxd2 19. Be2 Kd7 20. a4 Ba6 21. Rfd1 Bb4
22. Kf1 Kc6 23. a5 Bb5 24. f4 f5 25. Kf2 Ra6 26. g4 Rha8 27. gxf5 exf5 28. Rg1
g6 29. h4 Bxa5 30. Bc5 Bd8 31. Rxa6+ Rxa6 32. h5 Bh4+ 33. Kf3 Kc7 34. Rh1 Be1
35. Ba3 Rxa3 36. hxg6 hxg6 37. bxa3 b2 0-1

[Event "Lichtenberger Sommer 2016"]
[Site "?"]
[Date "2016.08.16"]
[Round "4.49"]
[White "Guenther, Thomas"]
[Black "Schmidt, Fabian"]
[Result "1-0"]
[WhiteElo "2044"]
[BlackElo "1810"]
[PlyCount "111"]
[EventDate "2016.??.??"]
[WhiteTeam "SV Senat (FV Schach)"]
[BlackTeam "Königsjäger Süd-West"]

1. d4 d5 2. Nf3 Nf6 3. c4 c6 4. e3 e6 5. Nc3 Nbd7 6. Bd3 Bd6 7. O-O O-O 8. b3
b6 9. Bb2 Bb7 10. cxd5 cxd5 11. Rc1 Rc8 12. Nb5 Be7 13. Qe2 Rxc1 14. Rxc1 Qb8
15. Ba3 Bxa3 16. Nxa3 a6 17. h3 Qd6 18. Nb1 b5 19. a4 b4 20. Qb2 Rc8 21. Rxc8+
Bxc8 22. Qc2 Bb7 23. Nbd2 h6 24. e4 dxe4 25. Nxe4 Nxe4 26. Bxe4 Bxe4 27. Qxe4
Nf6 28. Qa8+ Kh7 29. Qb7 Nd7 30. Qa8 g6 31. Qd8 Qc6 32. Kh2 Kg7 33. Qe7 a5 34.
Qd8 Qd5 35. Qc7 Kh7 36. Kh1 Kg7 37. Qd8 Kh7 38. Kg1 Kg7 39. Kf1 Nf6 40. Qxd5
Nxd5 41. Ne5 Ne7 42. Ke2 f6 43. Nc4 Nc6 44. Kd3 Kf7 45. Ne3 Ke7 46. Kc4 h5 47.
Kc5 Kd7 48. d5 exd5 49. Nxd5 f5 50. Nf4 g5 51. Nxh5 Ne5 52. Kb5 Nd3 53. Kxa5
Nxf2 54. Kxb4 Nd3+ 55. Kc3 Ne1 56. g3 1-0

[Event "Lichtenberger Sommer 2016"]
[Site "?"]
[Date "2016.08.16"]
[Round "4.50"]
[White "Hoffbauer, Joerg"]
[Black "Badestein, Hartmut"]
[Result "1-0"]
[WhiteElo "1765"]
[BlackElo "2060"]
[PlyCount "53"]
[EventDate "2016.??.??"]
[WhiteTeam "BSG Bund (FV Schach)"]
[BlackTeam "SC Friesen Lichtenberg"]

1. d4 Nf6 2. c4 e6 3. a3 d5 4. Qc2 c6 5. Nf3 Nbd7 6. Bf4 Be7 7. Nbd2 Qa5 8. e3
Ne4 9. Bd3 f5 10. Bxe4 fxe4 11. Ng5 Nf6 12. f3 Qd8 13. fxe4 Ng4 14. Ngf3 g5 15.
Ne5 Nxe5 16. Bxe5 O-O 17. O-O-O Bd7 18. Rdf1 Rxf1+ 19. Rxf1 Be8 20. exd5 cxd5
21. Kb1 Bg6 22. e4 Rc8 23. Qd3 Rxc4 24. Ka1 Rc8 25. Qh3 Rc6 26. exd5 Qxd5 27.
Qh6 1-0